000 00657nam a2200241Ia 4500
003 OSt
005 20221006161019.0
006 a|||||r|||| 00| 0
007 ta
008 221006b |||||||| |||| 00| 0 eng d
020 _c
_7.50
024 _a47,119
037 _cTextual
040 _aEASL
_cEASL
_beng
041 _2eng
_aeng
082 _aW.41.A, G-;1
100 _aCHI-CHAO Liang
_9119892
245 0 _aHistory of chinese political thought
_bDuring the early tsi period
260 _aNew York
_bParagon book gallery
300 _a210p.
_ccm.
942 _hW.41.A, G-;1
_cTEXL
_2CC
999 _c1115207
_d1115207